00186nam a2200073Ia 4500008004100000100001600041245003100057260002400088170523s9999 xx 000 0 und d aFinar- I.L. 0aOrganic Chemistry Volume-2 aNew Delhi : Pearson